Cuaderno de poesía aplicada : "100 tecnicismos para rimar en español" /

Bibliographic Details
Main Authors: Contreras Roa, André Runée (Author), Sánchez Rodríguez, Laura Yurieth (Author), González Bautista, Edgar Aurelio (Author)
Format: Electronic eBook
Language:Spanish
Published: Pamplona, Norte de Santander, Colombia : Sello Editorial Unipamplona, 2023.
Series:Colección Artes (Universidad de Pamplona)
Subjects:
Online Access:Digitalia Hispánica

MARC

LEADER 00000nam a2200000 i 4500
001 DIGUPAMP0007
003 NyNyDIG
007 cr |||||||||||
008 240201s2023 ck ob 000 p spa d
006 m o d
035 |a (OCoLC)1422054935 
040 |a DGITA  |b eng  |e rda  |e pn  |c DGITA 
020 |z 9786287656086 
050 1 4 |a PQ8180.4 ebook 
100 1 |a Contreras Roa, André Runée,  |e author. 
245 1 0 |a Cuaderno de poesía aplicada :  |b "100 tecnicismos para rimar en español" /  |c André Runée Contreras Roa, Laura Yurieth Sánchez Rodríguez, Edgar Aurelio González Bautista. 
264 1 |a Pamplona, Norte de Santander, Colombia :  |b Sello Editorial Unipamplona,  |c 2023. 
300 |a 1 online resource. 
336 |a text  |b txt  |2 rdacontent 
337 |a computer  |b c  |2 rdamedia 
338 |a online resource  |b cr  |2 rdacarrier 
347 |a text file  |2 rdaft 
347 |b PDF 
490 1 |a Colección Artes 
504 |a Includes bibliographical references. 
588 0 |a Online resource; title from PDF title page (Digitalia, viewed February 1, 2024) 
650 0 |a Poetics  |v Poetry. 
655 7 |a Poetry.  |2 lcgft 
700 1 |a Sánchez Rodríguez, Laura Yurieth,  |e author. 
700 1 |a González Bautista, Edgar Aurelio,  |e author. 
791 2 |a Digitalia (Firm),  |e distributor. 
793 0 |g Digitalia eBook Collection:  |a Universidad de Pamplona 
776 0 8 |i Print version:  |a Contreras Roa, André Runée.  |t Cuaderno de poesía aplicada.  |b Primera edición.  |d Pamplona, Norte de Santander, Colombia : Sello Editorial Unipamplona, [2023]  |z 9786287656086 
830 0 |a Colección Artes (Universidad de Pamplona) 
856 4 0 |3 Digitalia Hispánica  |u https://www.digitaliapublishing.com/a/131099/ 
910 |a Premium collection: 2024